Աշխարհի երկրներ վիկտորինան - Statistics

General Stats
  • This quiz has been taken 8 times
  • The average score is 9 of 196
Answers on the Map
Answers color-coded by a green-red scale on the quiz's map according to % correct below.
 
Answer Stats
Country % Correct
Աֆղանստան
50%
Ալբանիա
50%
Հայաստան
50%
Վրաստան
50%
Հնդկաստան
50%
Ղազախստան
50%
Ռուսաստան
50%
Արգենտինա
25%
Ադրբեջան
25%
Բանգլադեշ
25%
Բելգիա
25%
Բրազիլիա
25%
Կանադա
25%
Չիլի
25%
Չինաստան
25%
Ֆրանսիա
25%
Գերմանիա
25%
Հունաստան
25%
Իրան
25%
Իրաք
25%
Իտալիա
25%
Ճապոնիա
25%
Լատվիա
25%
Օման
25%
Պակիստան
25%
Իսպանիա
25%
Շվեյցարիա
25%
Տաջիկստան
25%
Ուկրաինա
25%
Ուզբեկստան
25%
Ալժիր
0%
Անդորրա
0%
Անգոլա
0%
Անտիգուա և Բարբուդա
0%
Ավստրալիա
0%
Ավստրիա
0%
Բահամյան կղզիներ
0%
Բահրեյն
0%
Բարբադոս
0%
Բելառուս
0%
Բելիզ
0%
Բենին
0%
Բութան
0%
Բոլիվիա
0%
Բոտսվանա
0%
Բրունեյ
0%
Բուլղարիա
0%
Բուրկինա Ֆասո
0%
Մյանմար
0%
Բուրունդի
0%
Կամբոջա
0%
Կամերուն
0%
Կաբո Վերդե
0%
Կենտրոնական Աֆրիկյան Հանրապետություն
0%
Չադ
0%
Կոլումբիա
0%
Կոմորներ
0%
Կոստա Ռիկա
0%
Փղոսկրի Ափ
0%
Խորվաթիա
0%
Կուբա
0%
Կիպրոս
0%
Չեխիայի Հանրապետություն
0%
Դանիա
0%
Ջիբութի
0%
Դոմինիկա
0%
Դոմինիկյան Հանրապետություն
0%
Արևելյան Թիմոր
0%
Էկվադոր
0%
Եգիպտոս
0%
Էլ Սալվադոր
0%
Հասարակածային Գվինեա
0%
Էրիթրեա
0%
Էստոնիա
0%
Եթովպիա
0%
Ֆիջի
0%
Ֆինլանդիա
0%
Գաբոն
0%
Գամբիա
0%
Գանա
0%
Գրենադա
0%
Գվատեմալա
0%
Գվինեա
0%
Գվինեա-Բիսաու
0%
Գայանա
0%
Հաիթի
0%
Հոնդուրաս
0%
Հունգարիա
0%
Իսլանդիա
0%
Ինդոնեզիա
0%
Իռլանդիա
0%
Իսրայել
0%
Ճամայկա
0%
Հորդանան
0%
Քենիա
0%
Կիրիբատի
0%
Կոսովո
0%
Քուվեյթ
0%
Ղրղզստան
0%
Լաոս
0%
Լիբանան
0%
Լեսոտո
0%
Լիբերիա
0%
Լիբիա
0%
Լիխտենշտեյն
0%
Լիտվա
0%
Լյուքսեմբուրգ
0%
Հյուսիսային Մակեդոնիա
0%
Մադագասկար
0%
Մալավի
0%
Մալայզիա
0%
Մալդիվներ
0%
Մալի
0%
Մալթա
0%
Մարշալյան կղզիներ
0%
Մավրիտանիա
0%
Մավրիկիոս
0%
Մեքսիկա
0%
Մոլդովա
0%
Մոնակո
0%
Մոնղոլիա
0%
Մոնտենեգրո
0%
Մարոկկո
0%
Մոզամբիկ
0%
Նամիբիա
0%
Նաուրու
0%
Նեպալ
0%
Նիդեռլանդներ
0%
Նոր Զելանդիա
0%
Նիկարագուա
0%
Նիգեր
0%
Նիգերիա
0%
Հյուսիսային
0%
Նորվեգիա
0%
Պալաու
0%
Պանամա
0%
Պապուա Նոր Գվինեա
0%
Պարագվայ
0%
Պերու
0%
Ֆիլիպիններ
0%
Լեհաստան
0%
Պորտուգալիա
0%
Քաթար
0%
Կոնգոյի Հանրապետություն
0%
Ռումինիա
0%
Ռուանդա
0%
Սենթ Քիթս և Նևիս
0%
Սուրբ Լուչիա
0%
Սամոա
0%
Սան Մարինո
0%
Սան Տոմե և Պրինսիպ
0%
Սաուդյան Արաբիա
0%
Սենեգալ
0%
Սերբիա
0%
Սեյշելներ
0%
Սիերա Լեոնե
0%
Սինգապուր
0%
Սլովակիա
0%
Սլովենիա
0%
Սողոմոնի կղզիներ
0%
Սոմալի
0%
Հարավային Աֆրիկա
0%
Հարավային Կորեա
0%
Հարավային Սուդան
0%
Շրի Լանկա
0%
Սուդան
0%
Սուրինամ
0%
Էսվատինի
0%
Շվեդիա
0%
Սիրիա
0%
Թայվան
0%
Տանզանիա
0%
Թաիլանդ
0%
Գնալ
0%
Տոնգա
0%
Տրինիդադ և Տոբագո
0%
Թունիս
0%
հնդկահավ
0%
Թուրքմենստան
0%
Տուվալու
0%
Ուգանդա
0%
Արաբական Միացյալ Էմիրություններ
0%
Միացյալ թագավորություն
0%
Միացյալ Նահանգներ
0%
Ուրուգվայ
0%
Վանուատու
0%
Քաղաք Վատիկան
0%
Վենեսուելա
0%
Վիետնամ
0%
Եմեն
0%
Զամբիա
0%
Զիմբաբվե
0%
Բոսնիա ևՀերցեգովինա
0%
Դեմոկրատական ​​Հանրապետություն Կոնգոյի
0%
Դաշնային նահանգներ Միկրոնեզիա
0%
Սենթ Վինսենթ և Գրենադիններ
0%
No matching quizzes found
Score Distribution
Percent of People with Each Score
Percentile by Number Answered
Your Score History
You have not taken this quiz